Aktiviti berfikir
| Main Author: | |
|---|---|
| Format: | Book |
| Published: |
Selangor :
Prentice Hall ,
2005
|
| Subjects: |
MARC
| LEADER | 00000cam a2200000 7i4500 | ||
|---|---|---|---|
| 001 | 0000032139 | ||
| 005 | 20120523.0 | ||
| 008 | 120523 | ||
| 020 | |a 9832473551 | ||
| 090 | 0 | 0 | |a 153.42 |b MUN |
| 100 | 1 | |a Munir Shuib | |
| 245 | 1 | 0 | |a Aktiviti berfikir |c Munir Shuib |
| 260 | |a Selangor : |b Prentice Hall , |c 2005 | ||
| 650 | 0 | |a Creative thinking | |
| 650 | 0 | |a Thought and thinking | |
| 999 | |a 0001024266 |b Book |c Adult Collection |e Perbadanan Perpustakaan Awam Johor | ||